000 00834nam0a2200277 4500
001 RU\NLR\bibl\1112498
005 20260507152800.0
010 _a978-5-486-01359-1
_920000
021 _aRU
_b2007-40507
_92173
035 _a(NLR Aleph) 001099523
090 _a1169316
_c1169316
100 _a20070725d2007 u y0rusy50 ca
101 1 _arus
_ceng
102 _aRU
105 _ay |||||||||
200 1 _aБратья
_e[роман]
_fДа Чен
_g[пер. с англ. С.Д. Тузовой]
210 _aМосква
_cМир книги
_d2007
215 _a429, [2] с.
_d22
686 _aШ6(7США)67-440.4{Лх1979-50}
700 0 _aЧен Да
_f1962-2019
_3RU\NLR\AUTH\7755946
_4070
801 0 _aRU
_bNLR
_c20070725
_gRCR
801 1 _aRU
_bNLR
_c20070725
942 _cBOOK
980 _aNB